The Access to Neighbouring Land Act 1992 (Record no. 64527)
[ view plain ]
| 000 -LEADER | |
|---|---|
| fixed length control field | 00801cam a2200217 4500 |
| 001 - CONTROL NUMBER | |
| control field | ABS62787 |
| 008 - FIXED-LENGTH DATA ELEMENTS--GENERAL INFORMATION | |
| fixed length control field | 000000n2000 000 0 eng u |
| 035 ## - SYSTEM CONTROL NUMBER | |
| System control number | (Sirsi) u108010 |
| 100 ## - MAIN ENTRY--PERSONAL NAME | |
| Personal name | Barsby, A. |
| 245 #4 - TITLE STATEMENT | |
| Title | The Access to Neighbouring Land Act 1992 |
| 260 ## - PUBLICATION, DISTRIBUTION, ETC. | |
| Date of publication, distribution, etc. | 2000 |
| 490 ## - SERIES STATEMENT | |
| Series statement | New Law Journal |
| Volume/sequential designation | 150(6949) 18 August 2000, 1256-1257(2) |
| 520 ## - SUMMARY, ETC. | |
| Summary, etc. | Questions the workings of the Access to Neighbouring Land Act 1992 and considers the problems that can occur. Looks at the meaning of the phrase 'reasonably necessary' and restrictions to a landlowners use of his land once an order has been served. |
| 590 ## - LOCAL NOTE (RLIN) | |
| Local note | ABS |
| 650 ## - SUBJECT ADDED ENTRY--TOPICAL TERM | |
| Topical term or geographic name entry element | ACCESS TO NEIGHBOURING LAND ACT 1992 |
| 650 ## - SUBJECT ADDED ENTRY--TOPICAL TERM | |
| Topical term or geographic name entry element | ACCESS ORDERS |
| 650 ## - SUBJECT ADDED ENTRY--TOPICAL TERM | |
| Topical term or geographic name entry element | LANDOWNERS |
| 650 ## - SUBJECT ADDED ENTRY--TOPICAL TERM | |
| Topical term or geographic name entry element | DISPUTES |
| 690 ## - LOCAL SUBJECT ADDED ENTRY--TOPICAL TERM (OCLC, RLIN) | |
| Topical term or geographic name as entry element | PROPERTY |
| 942 ## - ADDED ENTRY ELEMENTS (KOHA) | |
| Suppress in OPAC | 0 |
| Withdrawn status | Lost status | Source of classification or shelving scheme | Damaged status | Not for loan | Home library | Current library | Shelving location | Date acquired | Total Checkouts | Full call number | Barcode | Date last seen | Copy number | Price effective from | Koha item type |
|---|---|---|---|---|---|---|---|---|---|---|---|---|---|---|---|
| Dewey Decimal Classification | London | London | Journal article | 25/08/2000 | ABS62787 | 108010-1001 | 06/08/2019 | 1 | 06/08/2019 | Journal article |